| 000 | 00594cam a2200193 4500 | ||
|---|---|---|---|
| 001 | WB3623-19 | ||
| 008 | 000000n2000 000 0 eng u | ||
| 035 | _a(Sirsi) u106436 | ||
| 245 | _aBuilder hopes to make good with TV campaign | ||
| 260 | _c2000 | ||
| 490 |
_aFinancial Times _v 13 June 2000, 2(1) |
||
| 520 | _aBerkeley Homes will become the first UK housebuilder in more than a decade to launch a television advertising campaign | ||
| 590 | _aWB | ||
| 650 | _aBERKELEY HOMES | ||
| 650 | _aADVERTISING | ||
| 650 | _aHOUSE BUILDERS | ||
| 690 | _aHOUSING-DEVELOPMENT | ||
| 942 | _n0 | ||
| 999 |
_c63751 _d63751 |
||